header

Qualitative research in intelligence and marketing (Record no. 11875)

MARC details
000 -LEADER
fixed length control field 01176nam a22003014a 4500
082 04 - DEWEY DECIMAL CLASSIFICATION NUMBER
Classification number 658.4/7
100 1# - MAIN ENTRY--AUTHOR NAME
Personal name Walle, Alf H.
245 10 - TITLE STATEMENT
Title Qualitative research in intelligence and marketing
260 ## - PUBLICATION, DISTRIBUTION, ETC. (IMPRINT)
Place of publication Westport, Conn. :
Name of publisher Quorum Books,
Year of publication 2001.
300 ## - PHYSICAL DESCRIPTION
Number of Pages xii, 246 p.
650 #0 - SUBJECT ADDED ENTRY--TOPICAL TERM
Topical Term Business intelligence.
Topical Term Marketing research.
856 40 - ELECTRONIC LOCATION AND ACCESS
Uniform Resource Identifier http://site.ebrary.com/lib/rucke/Doc?id=10017903

No items available.

© 2026 Rongo University
Contact us: librarian | system librarian | Rongo university